Normal view
MARC view
- ANU S. CHANDRAN
Entry Personal Name
001 - CONTROL NUMBER
- control field: 3622
003 - CONTROL NUMBER IDENTIFIER
- control field: OSt
005 - DATE AND TIME OF LATEST TRANSACTION
- control field: 20181010105341.0
008 - FIXED-LENGTH DATA ELEMENTS
- fixed length control field: 181010|| aca||aabn | a|a d
040 ## - CATALOGING SOURCE
- Original cataloging agency: OSt
- Transcribing agency: OSt
100 ## - HEADING--PERSONAL NAME
- Personal name: ANU S. CHANDRAN
670 ## - SOURCE DATA FOUND
- Source citation: Work cat.: (OSt)14979: ANU S. CHANDRAN ANEESH MOHAN SHABEENA P.K, Development of a power - operated coconut husking machine
